| 000 | 01226cab a2200265 4500 | ||
|---|---|---|---|
| 001 | ABS58701 | ||
| 008 | 090401t1998 xxu||||| |||| 00| 0 eng d | ||
| 035 | _a(Sirsi) u86322 | ||
| 041 | _aeng | ||
| 245 | _aCunliffe & Cunliffe v Solihull MBC | ||
| 260 | _c1998 | ||
| 350 | _a0 | ||
| 490 |
_aRating & Valuation Reporter _v[1998] RA 64-73(10) |
||
| 520 | _aLT 10 November 1997. C sought compensation under the Land Compensation Act 1973 part I, for depreciation in value of the freehold of their house, following construction of a nearby roundabout and associated works (including a new housing development). C put the unaffected value at £145,000, with the affected value at no more than £120,000. S put the unaffected value at £120,000 and depreciation at 1 per cent. Held, compensation payable at £5,000. | ||
| 650 | _aCOMPENSATION | ||
| 650 | _aCUNLIFFE & CUNLIFFE V SOLIHILL MBC | ||
| 650 | _aDEPRECIATION IN VALUE | ||
| 650 | _aDISTURBANCE | ||
| 650 | _aHOUSING DEVELOPMENT | ||
| 650 | _aLAND COMPENSATION ACT 1973 PART 1 | ||
| 650 | _aMARKET VALUES | ||
| 690 | _aENVIRONMENTAL AND LAND CONSULTANCY-PLANNING AND DEVELOPMENT-COMPULSORY PURCHASE AND COMPENSATION | ||
| 942 | _n0 | ||
| 948 | _c21/05/1998 | ||
| 999 |
_c54319 _d54319 |
||